[Event "OHRA-A"]
[Site "Brussels"]
[Date "1986.??.??"]
[Round "?"]
[White "Nunn, John DM"]
[Black "Kasparov, Gary"]
[Result "0-1"]
[WhiteElo "2590"]
[BlackElo "2740"]

1.e4 c5 2.Nf3 d6 3.d4 cxd4 4.Nxd4 Nf6 5.Nc3 a6 6.Bg5 e6 7.f4 Qb6 8.Qd3 Qxb2
9.Rb1 Qa3 10.f5 Be7 11.Be2 Nc6 12.fxe6 fxe6 13.Nxc6 bxc6 14.e5 dxe5 15.Bxf6 gxf6
16.Bh5+ Kf8 17.Qd2 Kg7 18.Rb3 Qa5 19.O-O Rg8 20.Kh1 Kh8 21.Qh6 Qd8 22.Ne4 f5
23.Bf7 Qf8 24.Qh5 Rg7 25.Be8 a5 26.Bxc6 Ba6 27.Rf2 Rd8  0-1

[Event "OHRA-A"]
[Site "Brussels"]
[Date "1986.??.??"]
[Round "?"]
[White "Short, Nigel D"]
[Black "Kasparov, Gary"]
[Result "1-0"]
[WhiteElo "2615"]
[BlackElo "2740"]

1.e4 c5 2.Nf3 d6 3.d4 cxd4 4.Nxd4 Nf6 5.Nc3 a6 6.Be3 e6 7.Qd2 b5 8.f3 Nbd7
9.g4 h6 10.O-O-O Bb7 11.Bd3 Ne5 12.Rhe1 Rc8 13.Kb1 Be7 14.h4 b4 15.Na4 Qa5
16.b3 Nfd7 17.g5 g6 18.f4 Nxd3 19.cxd3 hxg5 20.hxg5 d5 21.f5 e5 22.exd5 Qxd5
23.f6 Bd6 24.Nc2 a5 25.Ba7 Kf8 26.Ne3 Qe6 27.Nc4 Kg8 28.Nxd6 Qxd6 29.Nb2 Rc3
30.Nc4 Qd5 31.Ne3 Qe6 32.Rc1 Qa6 33.Rxc3 bxc3 34.Qxc3 Qxa7 35.Qc7 Qd4 36.Qxb7 Qxd3+
37.Nc2 Rh2 38.Qc8+ Nf8 39.Rxe5 Rh1+ 40.Kb2 Qd2 41.Re8 Qd6 42.Rd8 Qe5+ 43.Ka3 Kh7
44.Rxf8 Qd6+ 45.b4  1-0

[Event "OHRA-A"]
[Site "Brussels"]
[Date "1986.??.??"]
[Round "?"]
[White "Kortschnoj, Viktor"]
[Black "Kasparov, Gary"]
[Result "1/2-1/2"]
[WhiteElo "2650"]
[BlackElo "2740"]

1.d4 d5 2.c4 e6 3.Nc3 Be7 4.Bf4 Nf6 5.e3 O-O 6.Rc1 c5 7.dxc5 Bxc5 8.cxd5 exd5
9.Nf3 Nc6 10.Be2 Be6 11.O-O Re8 12.Nb5 Ne4 13.Nd2 Nxd2 14.Qxd2 Bb4 15.Qd1 Qb6
16.a3 Be7 17.b4 a5 18.Nd6 Red8 19.Nxb7 Qxb7 20.b5 Rac8 21.bxc6 Rxc6 22.Rb1 Rb6
23.Rxb6 Qxb6 24.Be5  1/2-1/2

[Event "OHRA-A"]
[Site "Brussels"]
[Date "1986.??.??"]
[Round "?"]
[White "Kasparov, Gary"]
[Black "Portisch, Lajos"]
[Result "1-0"]
[WhiteElo "2740"]
[BlackElo "2605"]

1.d4 Nf6 2.c4 e6 3.Nf3 d5 4.Nc3 Be7 5.Bg5 O-O 6.e3 Nbd7 7.Qc2 h6 8.cxd5 exd5
9.Bf4 c5 10.Be2 b6 11.O-O Bb7 12.Rfd1 Re8 13.dxc5 bxc5 14.a4 Qa5 15.Nh4 Red8
16.Nf5 Bf8 17.Nb5 Ne8 18.Bd6 Nxd6 19.Nfxd6 Rab8 20.Nxb7 Rxb7 21.Rxd5 Rdb8
22.Qd2 Qxd2 23.Rxd2 Nf6 24.Ra2 Ne4 25.Rc2 Rd7 26.g3 a5 27.Kg2 g6 28.Bf3 Nf6
29.Na3 Bd6 30.Bc6 Rdd8 31.Ra1 Be5 32.Bb5 Nd5 33.Rb1 Bd6 34.Rd2 Nb6 35.Rc1 Be7
36.Re2 Rbc8 37.Nb1 Kg7 38.Nd2 Ra8 39.Nb3 Rdc8 40.Rec2 c4 41.Nd2 Ra7 42.Nxc4 Nxc4
43.Rxc4 Rxc4 44.Rxc4 f5 45.h3 h5 46.g4 hxg4 47.hxg4 fxg4 48.Kg3 Bd6+ 49.Kxg4 Re7
50.Bc6 Rf7 51.f4 Kh6 52.Bd5 Rf6 53.Rc1 Kg7 54.b3 Rf8 55.Rd1 Bc5 56.Rd3 Ba3
57.Be4 Bc1 58.Rd7+ Kh6 59.Re7 Bd2 60.Kf3 Bb4 61.Rb7 Bc3 62.Bd3 Rf6 63.Kg4 Bd2
64.f5  1-0

[Event "Brussels blitz"]
[Site "Brussels"]
[Date "1987.??.??"]
[Round "?"]
[White "Kasparov, Gary"]
[Black "Torre, Eugenio"]
[Result "1-0"]
[WhiteElo "2735"]
[BlackElo "2540"]

1.d4 d5 2.c4 c6 3.Nf3 Nf6 4.Qb3 Qb6 5.Nc3 Bg4 6.c5 Qc7 7.Bf4 Qc8 8.Ne5 Nbd7
9.f3 Bh5 10.g4 Bg6 11.h4 h6 12.Nxg6 fxg6 13.e3 e5 14.dxe5 Ng8 15.Qc2 Ne7
16.Ne2 Qc7 17.b4 O-O-O 18.Nd4 Nxe5 19.Qh2 Nxf3+ 20.Nxf3 Qd7 21.Nd4 g5 22.hxg5 Ng6
23.gxh6 gxh6 24.Bh3 Nxf4 25.Qxf4  1-0

[Event "Brussels blitz"]
[Site "Brussels"]
[Date "1987.??.??"]
[Round "?"]
[White "Ljubojevic, Ljubomir"]
[Black "Kasparov, Gary"]
[Result "1-0"]
[WhiteElo "2620"]
[BlackElo "2735"]

1.c4 e5 2.Nc3 d6 3.g3 f5 4.Bg2 Nf6 5.e3 g6 6.Nge2 Bg7 7.O-O O-O 8.d3 c6 9.b4 Be6
10.b5 d5 11.bxc6 bxc6 12.Qa4 g5 13.Ba3 Rf7 14.Rac1 Rd7 15.Bb4 a5 16.Ba3 Bf7
17.cxd5 cxd5 18.Nb5 Na6 19.Rc6 Nb4 20.Bxb4 axb4 21.Qxb4 Rxa2 22.Nec3 Ra8
23.Nd6 Bf8 24.Nxf7 Rxf7 25.Qb3 Ra3 26.Qc2 e4 27.dxe4 dxe4 28.Rd1 Qe8 29.Nb5 Ra2
30.Qc4 Ra4 31.Qc2 Ra2 32.Qxa2 Qxc6 33.Nd4 Qd5 34.Qc2 Ng4 35.h3 Ne5 36.Nxf5 Nd3
37.g4 h5 38.Qc8 Qa2 39.Rf1 Kh7 40.Bxe4  1-0

[Event "Brussels blitz"]
[Site "Brussels"]
[Date "1987.??.??"]
[Round "?"]
[White "Kasparov, Gary"]
[Black "Short, Nigel D"]
[Result "1-0"]
[WhiteElo "2735"]
[BlackElo "2615"]

1.d4 Nf6 2.c4 e6 3.Nf3 Bb4+ 4.Nbd2 d5 5.e3 O-O 6.a3 Be7 7.Bd3 b6 8.O-O Bb7
9.b4 c5 10.bxc5 bxc5 11.Rb1 Qc7 12.cxd5 exd5 13.dxc5 Nbd7 14.Bb2 Nxc5 15.Qc2 Rac8
16.Bf5 Ne6 17.Qxc7 Rxc7 18.Be5 Rd7 19.Nd4 Nxd4 20.Bxd4 Bc8 21.Bxd7 Bxd7 22.Rb7 Rd8
23.Rxa7 Ne8 24.Rc1  1-0

[Event "Brussels blitz"]
[Site "Brussels"]
[Date "1987.??.??"]
[Round "?"]
[White "Kasparov, Gary"]
[Black "Ljubojevic, Ljubomir"]
[Result "1-0"]
[WhiteElo "2735"]
[BlackElo "2620"]

1.d4 g6 2.e4 Bg7 3.c3 d6 4.Bg5 Nf6 5.Nd2 h6 6.Bh4 c6 7.f4 Qc7 8.Bd3 e5 9.fxe5 dxe5
10.Ngf3 exd4 11.cxd4 O-O 12.O-O Be6 13.Qe1 Nbd7 14.e5 Nd5 15.Ne4 Qb6 16.Qf2 Nf4
17.Bb1 Bc4 18.Re1 Nd3 19.Bxd3 Bxd3 20.Nd6 g5 21.Bg3 Bg6 22.h4 g4 23.Nh2 h5
24.Nf1 c5 25.Ne3 cxd4 26.Nd5 Qc5 27.Ne7+ Kh7 28.Rac1 Qa5 29.Qxd4 Qxa2 30.Ne4 Rad8
31.Ng5+ Kh8 32.Rcd1 Bc2 33.Rd2 Bg6 34.Qd6 Bh7 35.Red1 Qa5 36.Kh1 Bg8 37.Qg6 Bxe5
38.Qh6+  1-0

[Event "Brussels blitz"]
[Site "Brussels"]
[Date "1987.??.??"]
[Round "?"]
[White "Kasparov, Gary"]
[Black "Kortschnoj, Viktor"]
[Result "1/2-1/2"]
[WhiteElo "2735"]
[BlackElo "2625"]

1.Nf3 Nf6 2.c4 e6 3.g3 a6 4.Bg2 b5 5.b3 Bb7 6.Nc3 b4 7.Na4 d6 8.O-O Nbd7
9.d4 Be7 10.Nb2 O-O 11.Nd3 a5 12.Bb2 c5 13.e3 Qb6 14.a4 Rfd8 15.Qe2 Be4 16.Rfd1 Qb7
17.Nfe1 Bxg2 18.Nxg2 Rac8 19.Ngf4 Nf8 20.d5 exd5 21.Qf3 Rd7 22.Nxd5 Nxd5
23.cxd5 c4 24.bxc4 Rxc4 25.Rac1 Rdc7 26.e4 Rxc1 27.Rxc1 Rxc1+ 28.Nxc1 Nd7
29.Nb3 Qc7 30.Qd3 Bf6 31.Bxf6 Nxf6 32.e5 dxe5 33.d6 Qc6 34.Nxa5 Qxa4 35.Nc4 h5
36.Nb6 Qa1+ 37.Kg2 Qd4 38.Qxd4 exd4 39.Kf3 b3 40.Nc4 Kf8 41.Ke2 Ke8 42.Kd3 Kd7
43.Kxd4 Ke6 44.Kc3 Ne4+ 45.Kxb3 Nxf2 46.Ne5 Kxd6 47.Nxf7+ Kd5 48.Kc2 Ke4
49.Ng5+ Ke3 50.Ne6 g6 51.Nf4  1/2-1/2

[Event "Brussels"]
[Site "Brussels"]
[Date "1987.??.??"]
[Round "?"]
[White "Kasparov, Gary"]
[Black "Tal, Mihail"]
[Result "1-0"]
[WhiteElo "2735"]
[BlackElo "2605"]

1.d4 Nf6 2.c4 e6 3.Nc3 Bb4 4.e3 O-O 5.Bd3 d5 6.cxd5 exd5 7.Ne2 c5 8.O-O Nc6
9.a3 cxd4 10.exd4 Bxc3 11.bxc3 Ne7 12.Qc2 Bd7 13.Bg5 Ng6 14.f4 h6 15.Bxf6 Qxf6
16.f5 Ne7 17.Ng3 Nc8 18.Rf4 Nd6 19.Qf2 Rfe8 20.Nh5 Qd8 21.Nxg7 Ne4 22.Bxe4 Rxe4
23.f6 Kh7 24.Rxe4 dxe4 25.Qf4 Bc6 26.Re1 Qf8 27.c4 Qxa3 28.Nf5 Qf8 29.Re3 Bd7
30.Rg3 Bxf5 31.Qxf5+  1-0

[Event "HSK-Kasparov simul"]
[Site "Hamburg"]
[Date "1987.??.??"]
[Round "2"]
[White "Wahls, Matthias"]
[Black "Kasparov, Gary"]
[Result "0-1"]
[WhiteElo "2440"]
[BlackElo "2735"]

1.e4 c5 2.Nf3 e6 3.d4 cxd4 4.Nxd4 Nf6 5.Nc3 Nc6 6.Ndb5 d6 7.Bf4 e5 8.Bg5 a6
9.Na3 b5 10.Nd5 Qa5+ 11.Bd2 Qd8 12.Bg5 Qa5+ 13.Bd2 Qd8 14.Nxf6+ Qxf6 15.Bd3 Qg6
16.O-O Be7 17.c3 d5 18.Qe2 Bg4 19.f3 dxe4 20.Bxe4 Bf5 21.Nc2 O-O 22.a4 Bxe4
23.fxe4 Rad8 24.Be1 b4 25.Bf2 b3 26.Ne1 Na5 27.Nd3 Qe6 28.Nb4 Nc4 29.Nd5 Rxd5
30.exd5 Qxd5 31.Rfd1 Qc6 32.Rd3 f5 33.Rad1 Qe4 34.Re1 Qxe2 35.Rxe2 Rd8 36.Rxd8+ Bxd8
37.Re1 Be7 38.Rd1 Bd6 39.Kf1 Kf7 40.Ke2 Ke6 41.Be3 f4 42.Bc1 g5 43.g4 Bc5
44.Rd8 e4 45.Re8+ Kd5 46.Rd8+ Nd6 47.Rd7 f3+ 48.Ke1 e3 49.c4+ Ke6 50.Bxe3 Bb4+  0-1

[Event "HSK-Kasparov simul"]
[Site "Hamburg"]
[Date "1987.??.??"]
[Round "3"]
[White "Kasparov, Gary"]
[Black "Schulte, Oliver"]
[Result "1/2-1/2"]
[WhiteElo "2735"]
[BlackElo "2370"]

1.Nf3 Nf6 2.c4 c5 3.Nc3 Nc6 4.e3 e6 5.d4 d5 6.a3 a6 7.dxc5 Bxc5 8.b4 Ba7
9.Bb2 O-O 10.Qc2 Qe7 11.Rd1 Rd8 12.Be2 d4 13.exd4 Nxd4 14.Nxd4 Bxd4 15.O-O e5
16.Na4 Bd7 17.Bxd4 Bxa4 18.Qxa4 Rxd4 19.Qc2 Rad8 20.Rxd4 exd4 21.Bd3 g6 22.Qd2 Ng4
23.h3 Ne5 24.Re1 Qf6 25.c5 Kg7 26.Re4 Qf5 27.Qe2 Nxd3 28.Qxd3 h5 29.h4 Rd7
30.f3  1/2-1/2

[Event "London m"]
[Site "London"]
[Date "1987.??.??"]
[Round "3"]
[White "Kasparov, Gary"]
[Black "Short, Nigel D"]
[Result "0-1"]
[WhiteElo "2735"]
[BlackElo "2615"]

1.Nf3 d5 2.d4 Bg4 3.Ne5 Bf5 4.c4 f6 5.Nf3 c6 6.Nc3 e6 7.g3 Bb4 8.Bg2 Ne7
9.O-O O-O 10.Qb3 a5 11.a3 Bxc3 12.bxc3 Nd7 13.Nd2 a4 14.Qa2 Bg6 15.e4 Bf7
16.Rb1 Rb8 17.Qc2 b5 18.cxd5 cxd5 19.Qd3 Qa5 20.Re1 Rfc8 21.Rb4 Nc6 22.Rb2 Ne7
23.Rc2 Nb6 24.h4 Rb7 25.Bh3 Rc6 26.Rb2 Nc4 27.Rb4 Qc7 28.Nxc4 Rxc4 29.Bd2 Qc6
30.e5 f5 31.Bf1 Bh5 32.Qe3 h6 33.Reb1 Kf7 34.R1b2 Kg8 35.f3 Qa6 36.Rb1 Nc6
37.Bxc4 dxc4 38.R4b2 Ne7 39.d5 Nxd5 40.Qc5 Bxf3 41.Rxb5 Rc7 42.Rb8+ Kh7 43.Qf8 Qa7+
44.Kf1 Re7 45.R1b2 Kg6 46.Bc1 Kh5 47.Ra8 Qc5 48.Rc8 Qxa3 49.g4+ Bxg4 50.Rxc4 Qa1  0-1

[Event "London m"]
[Site "London"]
[Date "1987.??.??"]
[Round "6"]
[White "Short, Nigel D"]
[Black "Kasparov, Gary"]
[Result "1-0"]
[WhiteElo "2615"]
[BlackElo "2735"]

1.e4 c5 2.Nf3 d6 3.d4 cxd4 4.Nxd4 Nf6 5.Nc3 a6 6.Be3 e6 7.f3 Nbd7 8.g4 h6
9.h4 Ne5 10.Rg1 Qb6 11.Qc1 d5 12.Be2 dxe4 13.Nxe4 Nxe4 14.fxe4 Be7 15.Rh1 Bd7
16.c3 Qc7 17.Bf2 b5 18.Qc2 Nc4 19.Bxc4 Qxc4 20.b3 Qc7 21.O-O-O O-O 22.Kb1 a5
23.g5 h5 24.Rhg1 a4 25.b4 Rac8 26.Rd3 g6 27.Bg3 Qb7 28.Qe2 Rc4 29.Be5 Rfc8
30.Qe3 Bc6 31.Re1 a3 32.Qf2 Be8 33.Nb3 Qc6 34.Na5 Rxb4+ 35.Ka1 Qc5 36.cxb4 Qxb4
37.Qd2 Rc2 38.Qxb4 Bxb4 39.Rd8 f6 40.Rf1 fxe5 41.Rxe8+ Kg7 42.Nb3 Bc3+ 43.Kb1 Rb2+
44.Kc1 Rxb3 45.Kc2  1-0

[Event "Moscow TV"]
[Site "Moscow"]
[Date "1987.??.??"]
[Round "?"]
[White "Kasparov, Gary"]
[Black "Tal, Mihail"]
[Result "1/2-1/2"]
[WhiteElo "2735"]
[BlackElo "2605"]

1.d4 Nf6 2.c4 e6 3.Nc3 Bb4 4.e3 c5 5.Bd3 d5 6.cxd5 Nxd5 7.Ne2 cxd4 8.exd4 Nc6
9.O-O Nf6 10.Bc2 Bd6 11.a3 O-O 12.Qd3 h6 13.Rd1 Bd7 14.Bf4 Bxf4 15.Nxf4 Re8
16.Re1 Ne7 17.Ne4 Nxe4 18.Qxe4 Nf5 19.Rad1 Rc8 20.Bb1 Ba4 21.Rd2 Qa5 22.b4 Qc7
23.Rde2 Bb5 24.Rc2 Qd7 25.Rxc8 Qxc8 26.g4 Qd8 27.Rd1 Qg5 28.Ng2 Nd6 29.Qh7+ Kf8
30.h3 Bc6 31.Ne3 Ke7 32.Qc2 Rc8 33.Re1 Bf3 34.Qd3 Kf8 35.d5 Bxd5 36.Nxd5 Qxd5
37.Qxd5 exd5 38.Rd1 Ke7 39.Kg2 Rc3 40.Rxd5 Rxa3 41.Rd4 Rb3 42.Ba2 Rb2 43.Bd5 Kf6
44.Bf3 Ke5 45.Rd5+ Ke6 46.Rd4 b6 47.Kg3 a5 48.bxa5 bxa5 49.Ra4 Rb5 50.h4 g5
51.hxg5 hxg5 52.Be2 Rc5 53.f4 f6 54.Kf3 Rc3+ 55.Kf2 gxf4 56.Rxf4 Ke5 57.Ra4 Ne4+
58.Kg2 Rc5 59.Kf3 Nc3 60.Ra3 Kd4 61.Bf1 Re5 62.Kg3 Re3+ 63.Kh4 Re5 64.Bg2 Kc4
65.Ra1 a4 66.Rf1 Re6 67.Rf4+ Kb3 68.Bf1 Kc2 69.Bc4 Re1 70.Rxf6  1/2-1/2

[Event "SWZ-Kasparov"]
[Site "?"]
[Date "1987.??.??"]
[Round "?"]
[White "Hug, Werner"]
[Black "Kasparov, Gary"]
[Result "1/2-1/2"]
[WhiteElo "2430"]
[BlackElo "2735"]

1.e4 c5 2.Nc3 Nc6 3.g3 g6 4.Bg2 Bg7 5.d3 d6 6.Nh3 h5 7.Nd5 Bg4 8.f3 Bxh3
9.Bxh3 e6 10.Ne3 h4 11.f4 hxg3 12.hxg3 d5 13.exd5 exd5 14.Bg2 Rxh1+ 15.Bxh1 Nf6
16.Bd2 Qe7 17.Kf2 O-O-O 18.Qf1 c4 19.Bf3 cxd3 20.cxd3 Ne4+ 21.dxe4 dxe4 22.Bg4+ f5
23.Rd1 fxg4 24.Bc3 Bxc3 25.bxc3 Rh8 26.Qc4 Kb8 27.Qd5 Ka8 28.Qd6 Qh7 29.Qe6 Ne7
30.Qxe4 Nf5 31.Nxf5 gxf5 32.Qd5 a6 33.Re1 Rc8 34.Re6 Qh2+ 35.Kf1  1/2-1/2

[Event "SWZ-Kasparov"]
[Site "?"]
[Date "1987.??.??"]
[Round "?"]
[White "Kasparov, Gary"]
[Black "Trepp, Markus"]
[Result "1-0"]
[WhiteElo "2735"]
[BlackElo "2405"]

1.d4 Nf6 2.Nf3 d6 3.c4 Nbd7 4.Nc3 c6 5.e4 e5 6.Be2 Be7 7.O-O O-O 8.Re1 a6
9.Bf1 b5 10.a3 Bb7 11.Bg5 h6 12.Bh4 Re8 13.Rc1 Qa5 14.c5 exd4 15.Nxd4 Qc7
16.Nf5 Nxc5 17.Bxf6 Bxf6 18.b4 Nd7 19.Nd5 Qb8 20.Nxf6+ Nxf6 21.Qxd6 Re6 22.Qxb8+ Rxb8
23.e5 Nd7 24.f4 f6 25.Nd4 Ree8 26.e6 Nf8 27.f5  1-0

[Event "SWZ-Kasparov"]
[Site "?"]
[Date "1987.??.??"]
[Round "?"]
[White "Gobet, Fernand"]
[Black "Kasparov, Gary"]
[Result "0-1"]
[WhiteElo "2355"]
[BlackElo "2735"]

1.e4 c5 2.Nf3 e6 3.d4 cxd4 4.Nxd4 Nf6 5.Nc3 Nc6 6.Ndb5 d6 7.Bf4 e5 8.Bg5 a6
9.Na3 b5 10.Nd5 Qa5+ 11.Bd2 Qd8 12.Bg5 Qa5+ 13.Bd2 Qd8 14.c4 Nxe4 15.cxb5 Be6
16.Bc4 Ne7 17.Be3 Rc8 18.Nb6 d5 19.Nxc8 Nxc8 20.O-O Bxa3 21.bxa3 dxc4 22.Qxd8+ Kxd8
23.bxa6 Kc7 24.Rab1 Ncd6 25.Rfc1 Ra8 26.f3 Nf6 27.a7 Nd7 28.Rb4 Nf5 29.Rbxc4+ Bxc4
30.Rxc4+ Kd8 31.Bf2 Nd4 32.Ra4 Kc7 33.Kf1 Nc5 34.Rc4 Kd6  0-1

[Event "Optiebeurs"]
[Site "Amsterdam"]
[Date "1988.??.??"]
[Round "1"]
[White "Karpov, Anatoly"]
[Black "Kasparov, Gary"]
[Result "1/2-1/2"]
[WhiteElo "2715"]
[BlackElo "2750"]

1.d4 Nf6 2.c4 g6 3.Nf3 Bg7 4.g3 d5 5.cxd5 Nxd5 6.Bg2 Nb6 7.Nc3 Nc6 8.e3 O-O
9.O-O Re8 10.Re1 e5 11.d5 Na5 12.e4 c6 13.Bg5 f6 14.Be3 Nac4 15.dxc6 Nxe3
16.Qxd8 Rxd8 17.cxb7 Bxb7 18.Rxe3 Bh6 19.Ree1 Nc4 20.Rad1 Kf8 21.h4 Rac8
22.Bh3 Rxd1 23.Rxd1 Nxb2 24.Rd7 Rxc3 25.Rxb7 Nc4 26.Nh2 Nd6 27.Rxh7 Bg7 28.h5 gxh5
29.Rxh5 Rc1+ 30.Kg2 Rc2 31.Be6 Nxe4 32.Ng4 Rd2 33.Bb3 a5 34.Rf5 Nd6 35.Rh5 Ne4
36.Rf5 Nd6 37.Rh5 Ne4  1/2-1/2

[Event "Optiebeurs"]
[Site "Amsterdam"]
[Date "1988.??.??"]
[Round "2"]
[White "Timman, Jan H"]
[Black "Kasparov, Gary"]
[Result "1/2-1/2"]
[WhiteElo "2675"]
[BlackElo "2750"]

1.d4 Nf6 2.c4 g6 3.Nc3 d5 4.Bf4 Bg7 5.e3 c5 6.dxc5 Qa5 7.Qa4+ Qxa4 8.Nxa4 Ne4
9.f3 Bd7 10.fxe4 Bxa4 11.cxd5 Bxb2 12.Rb1 Bc3+ 13.Kf2 Nd7 14.Rc1 Nxc5 15.Kf3 Bb4
16.Rc4 Bb5 17.Rxb4 Bxf1 18.Ne2 Bxe2+ 19.Kxe2 f5 20.exf5 gxf5 21.Rd1 Rd8 22.Kf3 Rg8
23.Be5 Rd7 24.Rh4 e6 25.Rc1 Rxd5 26.Bd4 Ne4 27.Rc8+ Rd8 28.Rxd8+ Kxd8 29.g4 Nd2+
30.Ke2 Ne4 31.Kf3 Nd2+ 32.Ke2 Ne4 33.gxf5 exf5 34.Kf3 Ng5+ 35.Kf4 Ne6+ 36.Kxf5 Nxd4+
37.exd4 Rg7 38.d5 Kd7 39.Rh6 Rg2 40.a4 Rf2+ 41.Ke5 Re2+ 42.Kd4 Rd2+ 43.Kc4 Rc2+
44.Kb3 Rd2 45.Rxh7+ Kd6  1/2-1/2

[Event "Barcelona sim"]
[Site "Barcelona"]
[Date "1988.??.??"]
[Round "?"]
[White "Kasparov, Gary"]
[Black "Pares Vives, Jose"]
[Result "1-0"]
[WhiteElo "2750"]
[BlackElo "2290"]

1.d4 Nf6 2.c4 g6 3.Nf3 Bg7 4.g3 O-O 5.Bg2 d5 6.cxd5 Nxd5 7.O-O Nb6 8.Nc3 Nc6
9.e3 Re8 10.Re1 e5 11.d5 Na5 12.e4 c6 13.Bg5 f6 14.Be3 Nac4 15.dxc6 bxc6
16.Bc1 Qxd1 17.Rxd1 Bf8 18.b3 Na3 19.Bb2 Bg4 20.Rac1 Red8 21.h3 Be6 22.Bf1 Kf7
23.Kg2 Ke8 24.Ba6 Rab8 25.Rxd8+ Kxd8 26.Nd1 Kc7 27.Ne3 Bb4 28.Ng4 Bxg4 29.hxg4 g5
30.Rh1 Nd7 31.Rxh7 Kd6 32.Bxa3 Bxa3 33.Nd2 Bb4 34.Nc4+ Kc7 35.Ne3 Rd8 36.Bc4 Kb8
37.Rf7 Bd2 38.Nf5 Bb4 39.Kf3 Ba3 40.Ng7  1-0

[Event "Barcelona sim"]
[Site "Barcelona"]
[Date "1988.??.??"]
[Round "?"]
[White "Kasparov, Gary"]
[Black "Pablo Marin, Alejandro"]
[Result "1-0"]
[WhiteElo "2750"]
[BlackElo "2395"]

1.c4 Nf6 2.Nc3 g6 3.g3 Bg7 4.Bg2 O-O 5.d4 d6 6.Nf3 Nbd7 7.O-O e5 8.e4 c6
9.h3 Re8 10.Re1 exd4 11.Nxd4 a5 12.Rb1 Nc5 13.Bf4 Nh5 14.Be3 Nf6 15.Qc2 Nfd7
16.Rbd1 a4 17.f4 Qa5 18.Bf2 Qb4 19.Bf1 a3 20.b3 Nf8 21.Re3 Qa5 22.g4 Na6
23.Nde2 Nb4 24.Qd2 Ne6 25.Bg2 Nc5 26.g5 Be6 27.Rg3 Rad8 28.Bd4 Bxd4+ 29.Nxd4 Bc8
30.Kh2 Ne6 31.Nde2 Qa7 32.Nb1 c5 33.Nbc3 Qb8 34.Nb5 Nc6 35.Rd3 d5 36.cxd5 Nb4
37.Rg3 Ng7  1-0

[Event "Barcelona sim"]
[Site "Barcelona"]
[Date "1988.??.??"]
[Round "?"]
[White "Rosich, Alfred"]
[Black "Kasparov, Gary"]
[Result "0-1"]
[WhiteElo "2220"]
[BlackElo "2750"]

1.e4 c5 2.f4 d5 3.exd5 Nf6 4.c4 e6 5.dxe6 Bxe6 6.Nf3 Nc6 7.Nc3 Bd6 8.d4 cxd4
9.Nxd4 O-O 10.Nxe6 fxe6 11.Be3 Qe7 12.Qf3 Bb4 13.Be2 e5 14.O-O-O Bxc3 15.bxc3 exf4
16.Bd4 Rae8 17.Bxf6 Rxf6 18.Rd2 Kh8 19.Rhd1 Qa3+ 20.Rb2 Ne5 21.Qh3 f3 22.gxf3 Rb6
23.Rd2 Nd3+ 24.Bxd3 Re1+  0-1

[Event "World Cup"]
[Site "Belfort"]
[Date "1988.??.??"]
[Round "?"]
[White "Beliavsky, Alexander G"]
[Black "Kasparov, Gary"]
[Result "0-1"]
[WhiteElo "2645"]
[BlackElo "2750"]

1.d4 Nf6 2.c4 g6 3.Nc3 d5 4.Nf3 Bg7 5.Qb3 dxc4 6.Qxc4 O-O 7.e4 Na6 8.Be2 c5
9.d5 e6 10.Bg5 exd5 11.Nxd5 Be6 12.O-O-O Bxd5 13.Rxd5 Qb6 14.Bxf6 Qxf6 15.e5 Qf5
16.Bd3 Qc8 17.Rd1 b5 18.Qh4 Nb4 19.Bxg6 fxg6 20.Rd7 Qe8 21.Re7 Bh6+ 22.Kb1 Rd8
23.Rd6 Qc6 24.a3 Rxd6 25.exd6 Qxd6 26.axb4 cxb4 27.Qe4 b3  0-1

[Event "Cannes sim"]
[Site "Cannes"]
[Date "1988.??.??"]
[Round "10"]
[White "Kasparov, Gary"]
[Black "Gonda, Gentaro"]
[Result "1-0"]
[WhiteElo "2735"]
[BlackElo "2205"]

1.d4 Nf6 2.c4 e6 3.Nf3 c5 4.Nc3 Nc6 5.e3 d5 6.cxd5 Nxd5 7.Bc4 Nxc3 8.bxc3 cxd4
9.exd4 Be7 10.O-O O-O 11.Re1 b6 12.Bd3 Bb7 13.h4 Bxh4 14.Nxh4 Qxh4 15.Re3 g6
16.Rh3 Qf6 17.Bh6 Rfe8 18.Qg4 Rac8 19.Bg5 Qg7 20.Qh4 f5 21.Re1 Na5 22.Rhe3 Qf7
23.Bb5 Bc6 24.Bxc6 Nxc6 25.c4 Qd7 26.Bf6 Qf7 27.d5 exd5 28.Rxe8+ Rxe8 29.Rxe8+ Qxe8
30.cxd5 Qe1+ 31.Kh2 Ne5 32.d6 Nd7 33.Qc4+ Kf8 34.Qc8+ Qe8 35.Be7+ Kf7 36.Qc4+ Kg7
37.Qe6 g5 38.Bf6+  1-0

[Event "Cannes sim"]
[Site "Cannes"]
[Date "1988.??.??"]
[Round "10"]
[White "Kasparov, Gary"]
[Black "Gueye, Gorgui"]
[Result "1-0"]
[WhiteElo "2735"]
[BlackElo "2205"]

1.d4 f5 2.g3 e6 3.Bg2 Nf6 4.c4 d5 5.Nd2 c6 6.Nh3 Bd6 7.Qc2 b6 8.Nf3 O-O 9.O-O Qe7
10.Bf4 Bxf4 11.Nxf4 Ne4 12.Ne5 Bb7 13.cxd5 cxd5 14.Rfc1 Na6 15.Qa4 Nd6 16.e3 b5
17.Qa3 Rfe8 18.b3 Qd8 19.Bf1 Qb6 20.Nd7 b4 21.Nxb6 bxa3 22.Nxa8 g5 23.Bxa6 Bxa6
24.Nc7  1-0

[Event "Cannes sim"]
[Site "Cannes"]
[Date "1988.??.??"]
[Round "10"]
[White "Kasparov, Gary"]
[Black "Adams, Michael"]
[Result "0-1"]
[WhiteElo "2735"]
[BlackElo "2430"]

1.d4 Nf6 2.c4 e6 3.Nf3 Bb4+ 4.Nbd2 b6 5.e3 Bb7 6.Bd3 O-O 7.O-O d5 8.a3 Be7
9.b4 Nbd7 10.cxd5 exd5 11.Rb1 a6 12.Ne5 Bd6 13.f4 Ne4 14.Nxe4 dxe4 15.Nxd7 Qxd7
16.Bc4 Be7 17.Bd2 Bd5 18.Rc1 c6 19.Qb3 Rfc8 20.Rc2 b5 21.Bxd5 cxd5 22.Rxc8+ Rxc8
23.Ra1 Rc4 24.a4 g6 25.h3 Kg7 26.axb5 axb5 27.Ra6 Bh4 28.Kh2 Qc8 29.Ra7 Qc6
30.Qd1 Rc2 31.Qg4 Bf6 32.Qd1 Rb2 33.Be1 Qc4 34.Qg4 Qf1 35.f5 g5 36.Qg3 h5
37.Bc3 Rc2  0-1

[Event "Cannes sim"]
[Site "Cannes"]
[Date "1988.??.??"]
[Round "10"]
[White "Kasparov, Gary"]
[Black "Savereide, Diane"]
[Result "1-0"]
[WhiteElo "2735"]
[BlackElo "2280"]

1.c4 Nf6 2.Nc3 c5 3.Nf3 e6 4.g3 b6 5.Bg2 Bb7 6.O-O Be7 7.b3 O-O 8.Bb2 d6
9.e3 Nbd7 10.d4 cxd4 11.Nxd4 Qc8 12.Rc1 Bxg2 13.Kxg2 Qb7+ 14.Qf3 Qxf3+ 15.Kxf3 Rfc8
16.Rfd1 a6 17.Ke2 Nc5 18.f3 g6 19.g4 e5 20.Nc2 b5 21.cxb5 axb5 22.Nb4 e4
23.Nxb5 Rcb8 24.a4 Nxb3 25.Nc6 Nxc1+ 26.Rxc1 Kf8 27.Nxb8 Rxb8 28.Bxf6 Bxf6
29.fxe4 Be5 30.h3 Kg7 31.Kd3 h5 32.gxh5 g5 33.Rc7 Ra8 34.Ra7 Rh8 35.a5 Rxh5
36.a6 Rxh3  1-0

[Event "Cannes sim"]
[Site "Cannes"]
[Date "1988.??.??"]
[Round "10"]
[White "Kasparov, Gary"]
[Black "Hamilton, Robert"]
[Result "1-0"]
[WhiteElo "2735"]
[BlackElo "2365"]

1.d4 Nf6 2.Nf3 g6 3.c4 c5 4.g3 Bg7 5.Bg2 O-O 6.O-O cxd4 7.Nxd4 Nc6 8.Nc3 Nxd4
9.Qxd4 d6 10.Qd3 a6 11.Bd2 Rb8 12.Rac1 Nd7 13.e4 b5 14.cxb5 axb5 15.b3 Nc5
16.Qe3 e6 17.Rfd1 b4 18.Ne2 Ba6 19.Be1 Qb6 20.Rc2 f5 21.exf5 exf5 22.Nf4 Rfe8
23.Qd2 Kh8 24.Nd5 Qd8 25.Nxb4 Re2 26.Qxe2 Bxe2 27.Rxe2 Qf8 28.Nd5 Re8 29.Rc2 g5
30.b4 Ne6 31.Bc3 f4 32.a4 Qf5 33.Bxg7+ Kxg7 34.Rcd2 f3 35.Bf1 h5 36.a5 h4
37.Ne3 Qe4 38.Rxd6 hxg3 39.hxg3 Qxb4 40.a6 Rf8 41.a7 Qa5 42.Ra6 Qxa6 43.Bxa6  1-0

[Event "Cologne m"]
[Site "Cologne"]
[Date "1988.??.??"]
[Round "2"]
[White "Kasparov, Gary"]
[Black "Hort, Vlastimil"]
[Result "1/2-1/2"]
[WhiteElo "2760"]
[BlackElo "2595"]

1.c4 e5 2.Nc3 Nc6 3.g3 g6 4.Bg2 Bg7 5.Rb1 a5 6.a3 d6 7.d3 Nf6 8.b4 axb4 9.axb4 O-O
10.b5 Nd4 11.e3 Ne6 12.Nge2 Re8 13.O-O Nc5 14.h3 h6 15.Bb2 Bd7 16.d4 exd4
17.Nxd4 Qc8 18.Kh2 c6 19.Qc2 Qc7 20.Ra1 Rxa1 21.Rxa1 h5 22.Kg1 Qc8 23.Kh2 Qc7
24.Kg1 Qc8  1/2-1/2

[Event "Madrid rapid"]
[Site "Madrid"]
[Date "1988.??.??"]
[Round "6"]
[White "Kasparov, Gary"]
[Black "Illescas Cordoba, Miguel"]
[Result "1-0"]
[WhiteElo "2750"]
[BlackElo "2495"]

1.d4 Nf6 2.Nf3 c5 3.d5 e6 4.Nc3 exd5 5.Nxd5 Nxd5 6.Qxd5 Nc6 7.e4 d6 8.Bc4 Be6
9.Qd3 Nb4 10.Bb5+ Ke7 11.Qe2 Nxc2+ 12.Qxc2 Qa5+ 13.Bd2 Qxb5 14.Bc3 f6 15.a4 Qb3
16.Qe2 Qc4 17.Qe3 Kf7 18.Nd2 Qa6 19.f3 g6 20.Kf2 Bg7 21.Rhd1 Rhe8 22.Qf4 Rad8
23.Nf1 d5 24.exd5 Rxd5 25.Ne3 g5 26.Qc7+ Re7 27.Qxe7+ Kxe7 28.Nxd5+ Kf7 29.Nc7 Qc4
30.Rd8 g4 31.Re1 Bf5 32.Ne8 Qxa4 33.Nxg7 gxf3 34.Nxf5 Qc2+ 35.Kxf3 Qxf5+
36.Kg3 b5 37.Ree8 Qg5+ 38.Kf2 Qf4+ 39.Kg1 Qc1+ 40.Re1 Qc2 41.Rd6 f5 42.Rf6+ Kg8
43.Re8+ Kg7 44.Rxf5+ Kg6 45.Rf6+ Kh5 46.Re5+ Kg4 47.h3+ Kh4 48.Be1+  1-0

[Event "Madrid rapid"]
[Site "Madrid"]
[Date "1988.??.??"]
[Round "8"]
[White "Kasparov, Gary"]
[Black "Ljubojevic, Ljubomir"]
[Result "1/2-1/2"]
[WhiteElo "2750"]
[BlackElo "2610"]

1.d4 Nf6 2.c4 e6 3.Nc3 d5 4.cxd5 exd5 5.Bg5 c6 6.Qc2 Na6 7.e3 Nc7 8.Bd3 Ne6
9.Bh4 g6 10.Nf3 Be7 11.h3 O-O 12.O-O Nh5 13.Bxe7 Qxe7 14.Rab1 Ng5 15.Qd1 f5
16.Nxg5 Qxg5 17.Qf3 Ng7 18.Ne2 Ne6 19.g3 Qh6 20.h4 a5 21.Nf4 Nxf4 22.Qxf4 Qxf4
23.gxf4 h5 24.Rfc1 Kf7 25.Kf1 Ke7 26.Ke2 Bd7 27.b3 Kd6 28.a3 Rfe8 29.Kd2 b6
30.b4 axb4 31.axb4 Ra2+ 32.Rc2 Rea8 33.Rxa2 Rxa2+ 34.Bc2 Be8 35.Kc3 Ra7 36.Bb3 Bd7
37.Kb2 Be8 38.Rc1 Bd7 39.Rc3 Be8 40.Bd1 Bd7 41.Be2 Be8 42.Bd1 Bd7 43.Bc2 Be8
44.f3 Bf7 45.Bb3 Be8 46.Rc1 Bf7 47.Re1 Be8 48.Rc1 Bf7 49.Rc3 Be6 50.Bc2 Bf7
51.Ra3 Rxa3 52.Kxa3 b5  1/2-1/2